Stavebno-technologický projekt pre stavbu Čerešne Residence, Bratislava
Salvato in:
| Autore principale: | |
|---|---|
| Altri autori: | |
| Natura: | Manoscritto Libro |
| Lingua: | slovacco |
| Pubblicazione: |
2025
|
| Soggetti: | |
| Accesso online: | http://is.stuba.sk/zp/portal_zp.pl?podrobnosti=176481 CRZP |
| Tags: |
Nessun Tag, puoi essere il primo ad aggiungerne!!
|
MARC
| LEADER | 00000ntm a22000003a 4500 | ||
|---|---|---|---|
| 001 | stuzp99002 | ||
| 003 | SK-STU | ||
| 005 | 20250729140829.0 | ||
| 007 | ta | ||
| 008 | 150427s2015----xo-----f-mn---000-0-slo-d | ||
| 040 | |a STU |b slo | ||
| 041 | 0 | |a slo | |
| 100 | 1 | |a Pěník, Christián |u 010270 |4 aut |U SvF Stavebná fakulta |T SvF Katedra technológie stavieb |X 117803 |U V270 |Y 28 |7 117803 | |
| 242 | 0 | 1 | |a Building technology project for construction Čerešne Residence, Bratislava |y eng |
| 245 | 1 | 0 | |a Stavebno-technologický projekt pre stavbu Čerešne Residence, Bratislava |
| 260 | |c 2025 | ||
| 650 | 4 | |a construction time schedule |2 eng | |
| 650 | 4 | |a „Čerešne“ Residence |2 eng | |
| 650 | 4 | |a construction site facility |2 eng | |
| 650 | 4 | |a Construction and technological project |2 eng | |
| 650 | 4 | |a technological procedure of balcony structures implementation |2 eng | |
| 650 | 4 | |a realizácia balkónových konštrukcií |2 slo | |
| 650 | 4 | |a časový harmonogram |2 slo | |
| 650 | 4 | |a Čerešne Residence |2 slo | |
| 650 | 4 | |a zariadenie staveniska |2 slo | |
| 650 | 4 | |a Stavebno-technologický projekt |2 slo | |
| 700 | 1 | |a Hulínová, Zdenka |u 010270 |k Z8 |4 ths |U SvF Stavebná fakulta |T SvF Katedra technológie stavieb |X 853 |U V270 |Y 28 |7 A000000853 | |
| 856 | 4 | |u http://is.stuba.sk/zp/portal_zp.pl?podrobnosti=176481 | |
| 856 | 4 | |u https://opac.crzp.sk/?fn=detailBiblioForm&sid=809C367C54749DCAA047ACFF7E5A |z CRZP | |